MARC details
| 000 -CABECERA |
| campo de control de longitud fija |
03646nam a2200313 4500 |
| 003 - IDENTIFICADOR DEL NÚMERO DE CONTROL |
| campo de control |
EC-UNACH |
| 005 - FECHA Y HORA DE LA ÚLTIMA TRANSACCIÓN |
| campo de control |
20251016120830.0 |
| 006 - CÓDIGOS DE INFORMACIÓN DE LONGITUD FIJA--CARACTERÍSTICAS DEL MATERIAL ADICIONAL |
| campo de control de longitud fija |
s||||gr|||| 00| 00 |
| 008 - DATOS DE LONGITUD FIJA--INFORMACIÓN GENERAL |
| campo de control de longitud fija |
150116t9999 mx r gr 000 0 spa d |
| 020 ## - NÚMERO INTERNACIONAL ESTÁNDAR DEL LIBRO |
| Número Internacional Estándar del Libro |
978-970-26-1026-7 |
| 040 ## - FUENTE DE LA CATALOGACIÓN |
| Centro catalogador/agencia de origen |
EC-UNACH |
| Centro/agencia transcriptor |
EC-UNACH |
| 041 ## - CÓDIGO DE LENGUA |
| Código de lengua del texto/banda sonora o título independiente |
spa |
| 082 04 - NÚMERO DE LA CLASIFICACIÓN DECIMAL DEWEY |
| Número de edición |
23 |
| Número de clasificación |
670 KAL |
| Número de documento/Ítem |
L003290 |
| 110 ## - ENTRADA PRINCIPAL--NOMBRE DE ENTIDAD CORPORATIVA |
| Nombre de entidad corporativa o nombre de jurisdicción como elemento de entrada |
Pearson Educación |
| 245 ## - MENCIÓN DE TÍTULO |
| Título |
Manufactura, ingeniería y tecnología |
| 250 ## - MENCIÓN DE EDICIÓN |
| Mención de edición |
Quinta edición |
| 264 ## - Producción, publicación, distribución, fabricación y copyright |
| Lugar de producción, publicación, distribución, fabricación |
México |
| Nombre del de productor, editor, distribuidor, fabricante |
Pearson Educación |
| Fecha de de producción, publicación, distribución, fabricación o copyright |
2008 |
| 300 ## - DESCRIPCIÓN FÍSICA |
| Extensión |
1295 páginas |
| Otras características físicas |
Figuras, Tablas |
| 505 ## - NOTA DE CONTENIDO CON FORMATO |
| Nota de contenido con formato |
1.1 NÚMERO DE PARTES EN ALGUNOS PRODUCTOS; 1.2 DESARROLLO HISTÓRICO DE MATERIALES (...); 1.3 CARACTERÍSTICAS GENERALES DE MANUFACTURA (...); 1.4 COMPENSACIÓN POR HORA APROXIMADA RELATIVA (...); PART I FUNDAMENTOS DE MATERIALES: COMPORTAMIENTO; 1.1 TAMAÑOS DE GRANO; 1.2 RANGOS DE TEMPERATURA HOMÓLOGA PARA (...); 2.1 PROPIEDADES MECÁNICAS RELATIVAS DE (...); 2.2 PROPIEDADES MECÁNICAS DE DIVERSOS (...). 2.3 VALORES CARACTERÍSTICOS PARA K Y N (...)2.4 RANGOS CARACTERÍSTICOS DE DEFORMACIÓN (...); 3.1 PROPIEDADES FÍSICAS DE DIVERSOS MATERIALES (...); 3.2 PROPIEDADES FÍSICAS DE MATERIALES, (...); 3.3 RELACIÓN DE ESFUERZO MÁXIMO A LA FLUENCIA (...); 4.1 DESCRIPCIÓN DE LOS PROCESOS DE TRATAMIENTO (...); 5 .1 SELECCIÓN TÍPICA DE ACEROS AL CARBONO (...); 5.2 PROPIEDADES MECÁNICAS CARACTERÍSTICAS (...); 5.3 DENOMINACIÓN AISI PARA HOJA DE ACERO (...); 5.4 PROPIEDADES MECÁNICAS A TEMPERATURA (...); 5.5 TIPOS BÁSICOS DE ACEROS PARA MATRICES (...); 5 .6 CARACTERÍSTICAS DE PROCESAMIENTO Y (...). 5.7 MATERIALES TÍPICOS PARA MATRICES Y (...)6.1 COSTO APROXIMADO POR UNIDAD DE VOLUMEN (...); 6.2 CARACTERÍSTICAS GENERALES DE LOS METALES (...); 6.3 PROPIEDADES DE ALEACIONES SELECCIONADAS (...); 6.4 PROPIEDADES DE MANUFACTURA Y APLICACIONES (...); 6.5 PROPIEDADES Y FORMAS TÍPICAS DE ALEACIONES (...); 6.6 PROPIEDADES Y APLICACIONES TÍPICAS (...); 6.7 PROPIEDADES Y APLICACIONES TÍPICAS (...); 6.8 PROPIEDADES Y APLICACIONES TÍPICAS (...); 6.9 PROPIEDADES Y APLICACIONES TÍPICAS (...); 6.10 PROPIEDADES Y APLICACIONES TÍPICAS (...); 7.1 GAMA DE PROPIEDADES MECÁNICAS PARA (...). 7.2 TEMPERATURAS DE TRANSICIÓN VÍTREA Y (...)7.3 RECOMENDACIONES GENERALES PARA PRODUCTOS (...); 7.4 NOMBRES COMERCIALES DE POLÍMEROS TERMOPLÁSTICOS; 8.1 TIPOS Y CARACTERÍSTICAS GENERALES DE (...); 8 2 PROPIEDADES DE DIVERSOS CERÁMICOS A (...); 8.3 PROPIEDADES DE DIFERENTES VIDRIOS; 9.1 TIPOS Y CARACTERÍSTICAS GENERALES DE (...); 9.2 PROPIEDADES CARACTERÍSTICAS DE LAS (...); 9.3 MATERIALES Y APLICACIONES DE COMPÓSITOS (...); 9.4 RESUMEN DE PROPIEDADES DE FIBRAS Y (...); PARTE II PROCESOS Y EQUIPO PARA LA FUNDICIÓN (...); 10.1 CONTRACCIÓN O DILATACIÓN VOLUMÉTRICA (...). 11.1 RESUMEN DE PROCESOS DE FUNDICIÓN11.2 CARACTERÍSTICAS GENERALES DE LOS PROCESOS (...); 11.3 PROPIEDADES Y APLICACIONES (...); 12.1 TOLERANCIA NORMAL A LA CONTRACCIÓN (...); 12.2 APLICACIONES COMUNES DE LAS FUNDICIONES (...); 12.3 PROPIEDADES Y APLICACIONES COMUNES (...); 12.4 PROPIEDADES MECÁNICAS DE LOS HIERROS (...); 12.5 PROPIEDADES Y APLICACIONES COMUNES (...); 12.6 CARACTERÍSTICAS GENERALES DE LOS COSTOS (...); PARTE III PROCESOS Y EQUIPO DE FORMADO (...); III. 1 CARACTERÍSTICAS GENERALES DE LOS (...); 14.1 CARACTERÍSTICAS GENERALES DE LOS PROCESOS (...) |
| 650 ## - PUNTO DE ACCESO ADICIONAL DE MATERIA--TÉRMINO DE MATERIA |
| Término de materia o nombre geográfico como elemento inicial |
PROPIEDADES FÍSICAS |
| 650 ## - PUNTO DE ACCESO ADICIONAL DE MATERIA--TÉRMINO DE MATERIA |
| Término de materia o nombre geográfico como elemento inicial |
LÁMINAS EN BRUTO |
| 650 ## - PUNTO DE ACCESO ADICIONAL DE MATERIA--TÉRMINO DE MATERIA |
| Término de materia o nombre geográfico como elemento inicial |
CIZALLAMIENTO |
| 700 ## - PUNTO DE ACCESO ADICIONAL--NOMBRE DE PERSONA |
| Nombre de persona |
Kalpakjian, Serope |
| 700 ## - PUNTO DE ACCESO ADICIONAL--NOMBRE DE PERSONA |
| Nombre de persona |
Schmid, Steven R. |
| 942 ## - ELEMENTOS DE PUNTO DE ACCESO ADICIONAL (KOHA) |
| Tipo de ítem Koha |
Libros |
| Fuente del sistema de clasificación o colocación |
Clasificación Decimal Dewey |
| 999 ## - NÚMEROS DE CONTROL DE SISTEMA (KOHA) |
| Koha biblionumber |
14017 |